Quizzes
Events
Quiz Creation
Community
Videos
Private Events
Remove Ads
Sign In
Join for FREE
Feedback
Dark Mode
Quiz Categories
Sports
Geography
Music
Movies
Television
Just For Fun
Miscellaneous
History
Literature
Language
Science
Gaming
Entertainment
Religion
Holiday
For Kids
Quiz Lab
Recent
Popular Today
Quiz Kudos Today
Editor Picks
Curator Picks
Quizzes by...
Day
Popularity
Type
Ratings
Length
Year
Community
Subscriptions
Recent Discussions
Orange Saloon
Badges
Playlists
Quests
Create
Leaderboards
Showdown
Live 5
Trivia Bingo
Activity
Puzzle Library
Sporcle Events
Private Events
Virtual Trivia
Globe League
Become a Host
Pub Owners
SporcleCon
Opinionation
Our Games
Videos
Blog
Mobile Apps
Partnerships
Remove Ads and Go Orange
Feedback
Music
Pop Music
The Beatles
Song
Album
Lyrics
Bands
Singers
Artist
Clip
Rock
Rap
Classical
Billboard
Country Music
Kpop
Taylor Swift
Music
Pop Music
The Beatles
Song
Album
Lyrics
Bands
Singers
Artist
Clip
Rock
Rap
Classical
Billboard
Country Music
Kpop
Taylor Swift
Random Quiz
Search Sporcle
×
Quiz Lab
Quiz Lab
Music
Single
Type in answers that appear in a list
Type in answers that appear in a list
Classic
Best Score? Go Orange.
Britney Spears Singles Stats
Can you name the Britney Spears Singles?
By
ColeMonster
5m
30 Questions
264 Plays
264 Plays
264 Plays
Comments
Comments
Give Quiz Kudos
Give Quiz Kudos
-
- Ratings
hide this ad
Replay
Link that replays current quiz
Next Quiz
Link to next quiz in quiz playlist
You Got
0%
They Got
Avg Score
73%
Avg Friend Score
Upgrade to see
Score Distribution
Jump to the score distribution portion of the page
Score
0/30
Timer
05:00
0
Plays Today
% Correct
...Baby One More Time
96.2%
Oops!...I Did It Again
93.6%
Toxic
90.5%
Circus
88.3%
I'm A Slave 4 U
85.6%
Womanizer
85.6%
(You) Drive Me Crazy
84.8%
Sometimes
84.1%
Stronger
83.7%
Lucky
83.3%
Gimme More
81.1%
Everytime
78%
Piece of Me
78%
If U Seek Amy
78%
3
74.6%
% Correct
Me Against the Music
73.9%
Radar
73.9%
I'm Not a Girl, Not Yet a Woman
73.5%
Overprotected
73.1%
Boys
70.1%
Born To Make You Happy
68.9%
From the Bottom of My Broken Heart
64.4%
I Love Rock N' Roll
64.4%
Break the Ice
64.4%
Do Somethin'
60.2%
Don't Let Me Be the Last to Know
59.8%
My Prerogative
58.7%
Outrageous
56.4%
Anticipating
47.3%
Someday (I Will Understand)
42%
Quiz Playlist
Details
Report
Send in Message
Add To Playlist
Classic:
Type in answers that appear in a list
Last Updated: Feb 16, 2017
Quiz Scoreboard
CHALLENGE
Sign Up to Join the Scoreboard
Show All
Scores
Hide
Comments
May contain spoilers
Recently Published
Popular People in 1961
by mucciniale
History
6m
1-10 Letter E Words III
by El_Dandy
Language
2m
One Thing in Common: World Cities II
by knightlancer
Geography
7m
More to Explore
Quiz From the Vault
Featured Blog Post
Where Did the Easter Bunny Come From?
hide this ad
You Might Also Like...
Tags
Britney
Britney Spears
Single
spear
Today's Top Quizzes in Music
Browse Music
hide this ad
Today's Top Quizzes in Single
Browse Single
Top Contributed Quizzes in Music
1
Taylor Swift All Songs (2024)
2
Taylor Swift Logic Puzzle
3
2010s Album by Cover III
4
Guess the Taylor Swift song (Mystery Song)
5
One Thing in Common: Music
6
Guess the Artist- 70s Songs
7
2010s Album by Cover IV
8
2010s Album by Cover V
9
Get the Picture: Carrie or Dolly
10
Lana Del Rey Discography (BTD to DYKTTATUOB)
Explore More
Trending Topics
Anime
Marvel
Disney
Kpop
Harry Potter
Crossword
NBA
Pokémon
Puzzle
Song
The Office
Soccer
WWE
Country
NFL
hide this ad
More By:
ColeMonster
Quiz
Plays
Rating
Category
Featured
Created
Can you name all 75 Madonna singles?
12,217
3.88
Music
Feb 3, 2010
Britney Spears Singles
264
Music
Mar 8, 2010
Jack White fan?
48
1.33
Music
Mar 19, 2010
Tracy Chapman Albums
30
Music
Jun 12, 2010
Go to Creator's Profile
Score Distribution
Quiz Creator Spotlight
ColeMonster
Follow
Send a Message
Quizzes Created
-
Created Quiz Play Count
-
More By This Creator
Popular Quizzes Today
1
Find the US States - No Outlines Minefield
2
The Countries of the World
3
Popular People in 1961
4
Find the Countries of Europe - No Outlines Minefield
5
1-10 Letter E Words III
6
Find the US States
7
One Thing in Common: World Cities II
8
US States
More Music Quizzes
Name One #1 Hit: Women Artists
Published
Trending Quizzes
Country Music Stars Doing Things
Get the Picture: Carrie or Dolly
1-10 Letter F Words
1-10 Letter G Words
Risky Map Clicking: Next State Alphabetically
Recently Updated
Leaping Animals
pecheneg
Reality TV Shows (A-Z)
bhenderson79
Rickey Henderson's Hall of Fame Teammates
pecheneg
Champions League XIs: Arsenal
pecheneg
Quick Pick: Celebrities in WWE's Hall of Fame
aduchscher
A-Z Keypad Blitz II
pecheneg
Multiple Oscar Actors
pecheneg
Mystery Phrase Blitz: Oscar 'Best Actors'
pecheneg
F. Scott Fitzgerald Novels
LTH
Pick 3 Villains
ddd62291
Trending Topics
Kpop
Marvel
Harry Potter
Crossword
Disney
Anime
NBA
Country
Song
Soccer
Puzzle
WWE
NFL
Pokémon
The Office
Your Account Isn't Verified!
In order to create a playlist on Sporcle, you need to verify the email address you used during registration. Go to your
Sporcle Settings
to finish the process.
Report this User
Report this user for behavior that violates our
Community Guidelines
.
Details:
Send Report
Go to the Sporcle.com Mobile Site →
Comments